Antierótica feroz y otras cuestiones paradójicas (Record no. 186413)
[ view plain ]
| 000 -CABECERA | |
|---|---|
| campo de control de longitud fija | 01370nab a2200241 a 4500 |
| 005 - FECHA Y HORA DE LA ÚLTIMA TRANSACCIÓN | |
| campo de control | 20210219163001.0 |
| 008 - ELEMENTOS DE LONGITUD FIJA--INFORMACIÓN GENERAL | |
| campo de control de longitud fija | 991125s1985 mx 000 0 spa u |
| 035 ## - NÚMERO DE CONTROL DEL SISTEMA | |
| Número de control de sistema | UPN01000214313 |
| 049 ## - COLECCIÓN | |
| Colección | ART |
| 100 1# - ASIENTO PRINCIPAL--NOMBRE PERSONAL | |
| Nombre de persona | Zúñiga Rivera, Mónica |
| 222 #0 - TÍTULO CLAVE | |
| Título clave | REVISTA MEXICANA DE SOCIOLOGIA |
| 245 00 - MENCIÓN DE TÍTULO | |
| Título | Antierótica feroz y otras cuestiones paradójicas |
| 300 ## - DESCRIPCIÓN FÍSICA | |
| Extensión | 529-549 |
| 362 0# - FECHAS DE PUBLICACIÓN Y/O DESIGNACIÓN SECUENCIAL | |
| Fecha de publicación y/o designación secuencial | 2016 Volumen 78, número 3, julio-septiembre |
| 520 3# - NOTA DE RESUMEN, ETC. | |
| Sumario, etc. | En 2013 apareció en Costa Rica un cuentario, Antierótica feroz, de Laura Fuentes. Este texto se inserta dentro de un momento de ruptura estético-ideológica en la región, pues evidencia un tratamiento de la parodia y, a la vez, una cierta apologética de la corporalidad y del erotismo. En este artículo se analizan algunas ideas del cuentario, con el fin de mostrar el abordaje del erotismo y la visión de mundo propuesta. Para tales fines, se estudian diferentes posturas que van desde las clásicas (Bataille), feministas (Preciado), interdisciplinarias (Dadoun), pasando por las científicas (Reich), hasta las teológicas (Althaus-Reid) |
| 653 0# - TERMINO DE INDIZACION - NO CONTROLADO | |
| Término no controlado | EROTISMO |
| 653 0# - TERMINO DE INDIZACION - NO CONTROLADO | |
| Término no controlado | ANTIEROTISMO |
| 653 0# - TERMINO DE INDIZACION - NO CONTROLADO | |
| Término no controlado | SEXO |
| 653 0# - TERMINO DE INDIZACION - NO CONTROLADO | |
| Término no controlado | COSTA RICA |
| 856 4# - LOCALIZACIÓN Y ACCESO ELECTRÓNICOS | |
| Identificador Uniforme del Recurso | <a href="http://www.revistas.unam.mx/index.php/rms/article/view/56230/49871">http://www.revistas.unam.mx/index.php/rms/article/view/56230/49871</a> |
| 856 4# - LOCALIZACIÓN Y ACCESO ELECTRÓNICOS | |
| Identificador Uniforme del Recurso | <a href="http://www.redalyc.org/articulo.oa?id=32146492008">http://www.redalyc.org/articulo.oa?id=32146492008</a> |
| 905 ## - TIPO DE MATERIAL | |
| Tipo de material | Articulo |
No items available.
